Les reordinations: etude sur le sacrement de l'ordre
Sparad:
| Huvudupphovsman: | |
|---|---|
| Materialtyp: | Bok |
| Språk: | franska |
| Publicerad: |
París
Victor Lecoffre
1907
|
| Upplaga: | 1a. ed |
| Ämnen: | |
| Taggar: |
Lägg till en tagg
Inga taggar, Lägg till första taggen!
|
MARC
| LEADER | 00000cam a2200000 a 4500 | ||
|---|---|---|---|
| 001 | UCD1891 | ||
| 003 | CL-VaPUC | ||
| 008 | 160407e19070000fr |||||||||||||||||fre|d | ||
| 082 | 0 | 4 | |a 262.24 |b SAL |2 21 |
| 100 | 0 | |a Saltet, Louis |e author |9 585043 | |
| 245 | 1 | 4 | |a Les reordinations: etude sur le sacrement de l'ordre |
| 250 | |a 1a. ed | ||
| 300 | |a 419 p | ||
| 942 | |c BK | ||
| 945 | |d 20160407 22:05:00 |a dcastane | ||
| 260 | |a París |b Victor Lecoffre |c 1907 | ||
| 650 | 7 | |a ORDENES SAGRADAS |2 CL-VaPUC |9 318085 | |
| 650 | 0 | |a Sacerdocio |9 319738 | |
| 583 | |a last modification |c 20160407 22:05:00 |k Rodrigo Vera | ||
| 999 | |c 363099 |d 363097 | ||
| 952 | |0 0 |1 0 |3 erd |4 0 |6 262_240000000000000_SAL_1907 |7 0 |8 X |9 474864 |a BIBTEO |b BIBTEO |c TEO_FFR |i 5279461 |o 262.24 SAL 1907 |p 5279461 |r 2024-01-18 |w 2019-11-24 |y BK_X |z Catalogado en:20160407 |k OFM | ||